Introduction to entomology (Record no. 52482)

MARC details
000 -LEADER
fixed length control field 00412nam a2200169Ia 4500
008 - FIXED-LENGTH DATA ELEMENTS--GENERAL INFORMATION
fixed length control field 230917s9999||||xx |||||||||||||| ||und||
020 ## - ISBN
Price RS300
040 ## - CATALOGING SOURCE
-- 1203
Original cataloging agency VIVEKANANDA LIBRARY
041 ## - Language
-- English
082 ## - DDC NUMBER
Classification number 595.7 C739I
100 ## - MAIN ENTRY--PERSONAL NAME
Personal name Comstock, John Henry
245 #0 - TITLE STATEMENT
Title Introduction to entomology
250 ## - EDITION STATEMENT
Edition statement 9th ed.
260 ## - PUBLICATION, DISTRIBUTION, ETC. (IMPRINT)
Place of publication, distribution, etc Agra
Name of publisher, distributor, etc Satish Book Enterprise
Date of publication, distribution, etc 1984
300 ## - PHYSICAL DESCRIPTION
Pages xix, 1064 p.
942 ## - ADDED ENTRY ELEMENTS (KOHA)
Koha item type Books
Holdings
Withdrawn status Lost status Damaged status Not for loan Location (home branch) Sublocation or collection (holding branch) Date acquired Koha issues (times borrowed) Koha full call number Accession No. Koha date last seen Koha item type
        VIVEKANANDA LIBRARY VIVEKANANDA LIBRARY 08/08/2002   595.7 C739I 121524 17/09/2023 Books
© Designed and Maintained by Vivekananda Library, MDU Rohtak